000 00568nam a2200169Ia 4500
008 090711s9999 xx 000 0 und d
082 _b1326
100 _aभोसले राजन बा.
245 _aकथा कामजीवनाSाी
260 _bदृष्टी प्रकाशन
_c2000
300 _a156
600 _aभोसले राजन बा.
630 _aकथा कामजीवनाSाी
700 _aभोसले राजन बा.
730 _aकथा कामजीवनाSाी
942 _cBOOK
999 _c338329
_d338329